000 01116nam a2200277Ia 4500
001 ebr10408446
003 CaPaEBR
006 m u
007 cr cn|||||||||
008 071221s2010 dcu sb 000 0 eng d
020 _z9780821384503
040 _aCaPaEBR
_cCaPaEBR
035 _a(OCoLC)664095916
050 1 4 _aTJ163.4.C5
_bE64 2010eb
245 0 0 _aEnergy efficiency finance
_h[electronic resource] :
_bassessing the impact of IFC's China utility-based energy efficiency finance program.
260 _aWashington, D.C. :
_bWorld Bank,
_cc2010.
300 _axiv, 75 p.
504 _aIncludes bibliographical references.
533 _aElectronic reproduction.
_bPalo Alto, Calif. :
_cebrary,
_d2010.
_nAvailable via World Wide Web.
_nAccess may be limited to ebrary affiliated libraries.
650 0 _aEnergy conservation
_zChina.
650 0 _aEnergy policy
_zChina.
655 7 _aElectronic books.
_2local
710 2 _aWorld Bank.
710 2 _aebrary, Inc.
856 4 0 _uhttp://site.ebrary.com/lib/rucke/Doc?id=10408446
_zAn electronic book accessible through the World Wide Web; click to view
999 _c79309
_d79309